| 000 | 003430000a22001330004500 | ||
|---|---|---|---|
| 050 | 4 | _aCD 045 | |
| 100 | 1 | _aBolen, Todd | |
| 245 | 1 | 0 | _aPictorial Library of Bible Lands Vol 8 : Turkey / Todd Bolen |
| 001 | 13612 | ||
| 942 | _cBK | ||
| 999 |
_c42569 _d42569 |
||
| 336 |
_atexto _btxt _2rdacontent |
||
| 337 |
_2rdamedia _asin mediación _bn |
||
| 338 |
_2rdacarrier _avolumen _bnc |
||